Amniotic fluid / (Record no. 132385)

MARC details
000 -LEADER
fixed length control field 00751nam a22002417a 4500
005 - DATE AND TIME OF LATEST TRANSACTION
control field 20170124110153.0
010 ## - LIBRARY OF CONGRESS CONTROL NUMBER
LC control number B-209677
020 ## - INTERNATIONAL STANDARD BOOK NUMBER
Terms of availability 495.00
International Standard Book Number 8172861702
035 ## - SYSTEM CONTROL NUMBER
System control number B-209677
037 ## - SOURCE OF ACQUISITION
Source of stock number/acquisition Cen Lib/Ret
040 ## - CATALOGING SOURCE
Original cataloging agency DPL
Language of cataloging EN
082 ## - DEWEY DECIMAL CLASSIFICATION NUMBER
Classification number 618.32042
Item number AMN
245 ## - TITLE STATEMENT
Title Amniotic fluid /
Statement of responsibility, etc edited by Kamini A. Rao [and] Michael G. Ross
260 ## - PUBLICATION, DISTRIBUTION, ETC. (IMPRINT)
Place of publication, distribution, etc Bangalore
Name of publisher, distributor, etc Prism Books
Date of publication, distribution, etc 1999
270 ## - ADDRESS
Address 1865, 32nd Cross, BSK II Stage
City Bangalore
Postal code 560070
300 ## - PHYSICAL DESCRIPTION
Extent xvi, 232p. :
Dimensions 24cm(Hb)
Other physical details ill.
500 ## - GENERAL NOTE
General note Includes index
650 ## - SUBJECT ADDED ENTRY--TOPICAL TERM
Topical term or geographic name as entry element Amniotic liquid
9 (RLIN) 34550
650 ## - SUBJECT ADDED ENTRY--TOPICAL TERM
Topical term or geographic name as entry element Fetus--Diseases--Diagnosis
9 (RLIN) 34551
700 ## - ADDED ENTRY--PERSONAL NAME
Personal name Rao, Kamini A
9 (RLIN) 34552
700 ## - ADDED ENTRY--PERSONAL NAME
Personal name Ross, Michael G
9 (RLIN) 34553
942 ## - ADDED ENTRY ELEMENTS (KOHA)
Source of classification or shelving scheme Dewey Decimal Classification
Koha item type English Books
Classification part 618.32042
Call number suffix AMN
Holdings
Withdrawn status Lost status Damaged status Not for loan Home library Current library Date acquired Source of acquisition Cost, normal purchase price Total Checkouts Full call number Barcode Date last seen Copy number Cost, replacement price Price effective from Koha item type
        Central Library Central Library 22/07/2015 Cen Lib/Ret 495.00   618.32042 AMN B-209677 22/07/2015 1 495.00 22/07/2015 English Books

© Delhi Public Library
Hit Counter
free hit counter